000 00691nam a2200217 i 4500
001 188983
003 ES-MaACL
005 20250824203231.0
007 t|
008 190307s1973 sp ||||1| spa d
100 0 _aDobb, Maurice.
_944930
245 1 3 _aEl nuevo socialismo /
_cMaurice Dobb ; [versión de, José Rovira].
260 _aBarcelona :
_bOikos-Tau,
_c[1973]
300 _a102 p. ;
_c21 cm.
490 1 _aColección "Libros de Economía Oikos" ;
_v22
650 0 4 _aEconomía marxista.
_912033
700 0 _aRovira, José.
_9100128
830 0 0 _aColección "Libros de economía Oikos"
_v22
_9187436
852 _aES-MaACL
_jP-522-Ter-22
999 _c188983
_d188983